UNNIKUTTANUM PACHAMANUSHYANUM (Record no. 7114)
[ view plain ]
| 000 -LEADER | |
|---|---|
| fixed length control field | 00321nam a22001337a 4500 |
| 020 ## - INTERNATIONAL STANDARD BOOK NUMBER | |
| ISBN | 93-95239-21-9 |
| 082 ## - DEWEY DECIMAL CLASSIFICATION NUMBER | |
| Classification number | 894.812.3 |
| Item number | MOH/U |
| 100 ## - MAIN ENTRY--AUTHOR NAME | |
| Personal name | MOHAN,G. BENCY |
| 245 ## - TITLE STATEMENT | |
| Title | UNNIKUTTANUM PACHAMANUSHYANUM |
| 260 ## - PUBLICATION, DISTRIBUTION, ETC. (IMPRINT) | |
| Place of publication | THRISSUR |
| Name of publisher | PRABHATHAM PRINTING & PUBLISHING |
| 300 ## - PHYSICAL DESCRIPTION | |
| Number of Pages | 99 |
| 650 ## - SUBJECT ADDED ENTRY--TOPICAL TERM | |
| Topical Term | STORY |
| Geographic subdivision | KERALA |
| 942 ## - ADDED ENTRY ELEMENTS (KOHA) | |
| Koha item type | Books |
| Withdrawn status | Lost status | Collection code | Home library | Current library | Shelving location | Date acquired | Source of acquisition | Full call number | Accession Number | Koha item type |
|---|---|---|---|---|---|---|---|---|---|---|
| Fiction | Main Library | Main Library | NEW SHELF WITH NEW ENTRY | 26/10/2023 | PURCHASE | 894.812.3 MOH/U | 13089 | Books |